| 000 | 00435nam a22001337a 4500 | ||
|---|---|---|---|
| 082 |
_a355.02 _bCOH _cD |
||
| 100 |
_aJohn Gooch, Cohen, Eliot A. _937881 |
||
| 245 |
_aMilitary Misfortunes _bThe anatomy of failure in war _cJohn Gooch, Cohen, Eliot A. |
||
| 260 |
_aAmerica _bMaclillan, Inc. Maxwell Communication _cc1990 |
||
| 300 | _aviii, 296 p. : | ||
| 526 |
_a0 _b0 _c0 _d355_020000000000000_COH |
||
| 650 |
_aD _96527 |
||
| 942 |
_2ddc _cBK |
||
| 999 |
_c542631 _d542631 |
||